Footballers by Career - Manchester City - Statistics

General Stats
  • This quiz has been taken 233 times
  • The average score is 7 of 10
Answer Stats
Player % Correct
Yaya Touré
91%
Carlos Tevez
90%
David Silva
90%
Aymeric Laporte
85%
Joe Hart
82%
Pablo Zabaleta
73%
Nigel de Jong
63%
Georgi Kinkladze
29%
Sun Jihai
26%
Paul Dickov
23%
No matching quizzes found
Score Distribution
Percent of People with Each Score
Percentile by Number Answered
Your Score History
You have not taken this quiz